| 000 | 01079nam a2200277 i 4500 | ||
|---|---|---|---|
| 001 | 196955 | ||
| 003 | ES-MaACL | ||
| 005 | 20250819063115.0 | ||
| 008 | 250227b2023 sp ||||| |||| 00| 0 spa d | ||
| 020 | _a9798987880104 | ||
| 040 |
_bspa _cES-MaACL |
||
| 100 | 1 |
_aVázquez Lazo, Nieve de los Ángeles, _d1971 _9239678 _eaut |
|
| 245 | 1 | 3 |
_aEl jefe : _bpopulismo y corrupción en el Puerto Rico de 1898 / _cNieve de los Ángeles Vázquez. |
| 260 |
_a[s. l.] : _bNieve de los Ángeles Vázquez, _c2023 |
||
| 264 | _c©2023. | ||
| 300 |
_a475 páginas : _bilustrado en blanco y negro ; _c26 cm. |
||
| 336 |
_2rdacontent _atexto |
||
| 337 |
_2rdamedia _asin mediación |
||
| 338 |
_2rdacarrier _avolumen |
||
| 651 | 4 |
_99281 _aPuerto Rico- _xHistoria- _y1898 |
|
| 852 |
_aES-MaACL _cDEPOJ _jN-10448 _xEncuadernación rústica _9206571 _hDonación: Editorial |
||
| 942 |
_cMONOGRAFIA _n0 |
||
| 999 |
_c196955 _d196955 |
||